Billboard Hot 100: US #1 hits by Letter: "A" - Statistics

General Stats
  • This quiz has been taken 41 times
  • The average score is 16 of 54
Answer Stats
Year Artist Title % Correct
1983 Toto Africa
81%
1972 Don McLean American Pie
73%
1970 The Jackson 5 ABC
68%
2014 John Legend All of Me
62%
2019 / 2020 / 2021 / 2022 / 2023 Mariah Carey All I Want For Christmas is You
59%
1970 The Guess Who American Woman / No Sugar Tonight
57%
1980 Queen Another One Bites the Dust
57%
2014 Meghan Trainor All About That Bass
54%
1980 Pink Floyd Another Brick in the Wall, Part II
54%
1987 Heart Alone
51%
1986 Robert Palmer Addicted to Love
49%
2001 Shaggy ft. Rayvon Angel
49%
1973 The Rolling Stones Angie
46%
1972 America A Horse With No Name
43%
1987 Atlantic Starr Always
43%
1976 Starland Vocal Band Afternoon Delight
41%
1989-1990 Phil Collins Another Day in Paradise
41%
1982 Steve Miller Band Abracadabra
38%
1986 Boston Amanda
38%
1992 Color Me Bad All 4 Love
35%
1994 Bryan Adams / Rob Stewart / Sting All for Love
35%
1972 Gilbert O'Sullivan Alone Again (Naturally)
35%
1974 John Denver Annie's Song
35%
2022-2023 Taylor Swift Anti-Hero
35%
2022 Lizzo About Damn Time
32%
2022 Harry Styles As it Was
32%
2000 Lonestar Amazed
27%
1993 Janet Jackson Again
24%
1975 Helen Reddy Angie Baby
24%
1984 Phil Collins Against All Odds (Take a Look at Me Now)
22%
2021 Taylor Swift All Too Well (Taylor's Version)
22%
1967 The Beatles All You Need is Love
22%
1988 Phil Collins A Groovy Kind of Love
19%
1964 The Beatles A Hard Day's Night
19%
1970 Diana Ross Ain't No Mountain High Enough
19%
1976 Walter Murphy and the Big Apple Band A Fifth of Beethoven
16%
2002 Kelly Clarkson A Moment Like This
16%
1987 Billy Vera and the Beaters At This Moment
16%
2001 Janet Jackson All For You
14%
1998 K-Ci & JoJo All My Life
14%
1996 Mariah Carey Always Be My Baby
14%
1993 Peabo Bryson and Regina Belle A Whole New World
14%
1964 Peter and Gordan A World Without Love
14%
2003 Jennifer Lopez ft.LL Cool J All I Have
11%
1983 Lionel Richie All Night Long (All Night)
11%
1960 Hollywood Argyles Ally Oop
11%
2002 Ja Rule ft. Ashanti Always on Time
11%
1961 Elvis Presley Are You Lonesome Tonight?
8%
2002 Jennifer Lopez ft. Ja Rule Ain't it Funny (Murder Remix)
5%
1991 Whitney Houston All the Man That I Need
5%
1999 Monica Angel of Mine
5%
1959 Elvis Presley A Big Hunk o' Love
3%
1985 Duran Duran A View to Kill
3%
1969 The Fifth Dimension Aquarias / Let the Sunshine In
0%
No matching quizzes found
Score Distribution
Percent of People with Each Score
Percentile by Number Answered
Your Score History
You have not taken this quiz